Ipari örökség turisztikai célú hasznostása Békésszentandráson
| Szerző: | |
|---|---|
| További közreműködők: | |
| Dokumentumtípus: | Diplomadolgozat |
| Kulcsszavak: | attrakciófejlesztés Békésszentandrás ipariörökség szállodaipar tematikushotel |
| Online Access: | http://dolgozattar.uni-bge.hu/60325 |
MARC
| LEADER | 00000nta a2200000 i 4500 | ||
|---|---|---|---|
| 001 | dolg60325 | ||
| 005 | 20260409150318.0 | ||
| 008 | 260409suuuu hu om 000 hun d | ||
| 040 | |a BGE Dolgozattár Repozitórium |b hun | ||
| 041 | |a hu | ||
| 100 | 1 | |a Sztezsán Adrienn | |
| 245 | 1 | 0 | |a Ipari örökség turisztikai célú hasznostása Békésszentandráson |c Sztezsán Adrienn |h [elektronikus dokumentum] |
| 520 | 3 | |a A szakdolgozatom célja volt egy újonnan induló, egyedi koncepciójú hotel helyzetének komplex elemzése, valamint olyan gyakorlatias, hosszú távon is hasznosítható javaslatok megfogalmazása, amelyek a választott kutatási módszerekre épülnek. A munka középpontjában az ipari épületek értékmegőrző és új értéket teremtő hasznosítási lehetőségeinek vizsgálata áll, különös tekintettel a turizmus és a kultúra területére. E szemléletmód kiváló példája a Bordűr Wellness Hotel**** Superior és Szőnyegmúzeum, amely egy korábbi gyárépület átalakításával, többfunkciós fejlesztésként valósult meg, ötvözve a modern kényelmet a hely történeti örökségével. | |
| 695 | |a attrakciófejlesztés | ||
| 695 | |a Békésszentandrás | ||
| 695 | |a ipariörökség | ||
| 695 | |a szállodaipar | ||
| 695 | |a tematikushotel | ||
| 700 | 1 | |a Kiss Dr. Kornélia |e ths | |
| 856 | 4 | 0 | |u http://dolgozattar.uni-bge.hu/60325/1/Sztezs%C3%A1n%20Adrienn%20_%20Szakdolgozat_2025..pdf |z Dokumentum-elérés |
| 856 | 4 | 0 | |u http://dolgozattar.uni-bge.hu/60325/2/Sztezsan_Adrienn_biralat_Kiss_Kornelia_2025.pdf |z Dokumentum-elérés |
| 856 | 4 | 0 | |u http://dolgozattar.uni-bge.hu/60325/3/B%C3%ADr%C3%A1lati%20lap_Sztezs%C3%A1n%20Adrienn.pdf |z Dokumentum-elérés |